|
|
|
|
| LEADER |
01129pam a22002538a 4500 |
| 001 |
00045627 |
| 005 |
20200720080735.0 |
| 008 |
120515s2007 ||||||Viesd |
| 020 |
# |
# |
|c 37000
|
| 041 |
0 |
# |
|a Vie
|
| 082 |
1 |
4 |
|a 639.3
|b B103GI
|
| 100 |
1 |
# |
|a Nguyễn, Hữu Tân
|
| 245 |
1 |
0 |
|a Bài giảng kỹ thuật sản xuất giống cá nước ngọt
|c Nguyễn Hữu Tân, Hà Huỳnh Hồng Vũ
|b Mã học phần: AQ41010 (ngành Nuôi trồng thủy sản, hệ Đại học)
|
| 260 |
# |
# |
|c 2020
|a Đồng Tháp
|
| 300 |
# |
# |
|a 86 tr.
|c 27 cm
|
| 500 |
# |
# |
|a ĐTTS ghi: Trường Đại học Đồng Tháp. Khoa Kỹ thuật - Công nghệ
|
| 653 |
# |
# |
|a Bài giảng
|
| 653 |
# |
# |
|a Cá nước ngọt
|
| 653 |
# |
# |
|a Sản xuất giống
|
| 653 |
# |
# |
|a Thủy sản
|
| 700 |
# |
# |
|a Hà, Huỳnh Hồng Vũ
|
| 852 |
# |
# |
|j KD.0027266
|j KGT.0059449
|j KGT.0059450
|j KGT.0059451
|j KGT.0059452
|j KGT.0059453
|j KGT.0059454
|j KGT.0059455
|j KGT.0059456
|j KGT.0059457
|j KGT.0059458
|
| 910 |
# |
# |
|d 20/7/2020
|
| 980 |
# |
# |
|a Trung tâm Học liệu Lê Vũ Hùng, Trường Đại học Đồng Tháp
|